<?xml version="1.0" encoding="UTF-8"?>
<record
    xmlns:xsi="http://www.w3.org/2001/XMLSchema-instance"
    xsi:schemaLocation="http://www.loc.gov/MARC21/slim http://www.loc.gov/standards/marcxml/schema/MARC21slim.xsd"
    xmlns="http://www.loc.gov/MARC21/slim">

  <leader>01923    a2200217   4500</leader>
  <controlfield tag="001">46101</controlfield>
  <controlfield tag="005">20260407155734.0</controlfield>
  <controlfield tag="008">260407a2011    arg                 spa d</controlfield>
  <controlfield tag="003">AR-UNSa-BCEJYS</controlfield>
  <datafield tag="040" ind1=" " ind2=" ">
    <subfield code="a">AR-UNSa-BCEJYS</subfield>
    <subfield code="b">spa</subfield>
    <subfield code="c">AR-UNSa-BCEJYS</subfield>
  </datafield>
  <datafield tag="080" ind1=" " ind2=" ">
    <subfield code="a">304.4</subfield>
    <subfield code="x">Aspectos generales de las pol&#xED;ticas y pr&#xE1;cticas sociales y culturales (pol&#xED;tica social)</subfield>
  </datafield>
  <datafield tag="245" ind1="1" ind2="0">
    <subfield code="a">Population ageing, intergenerational transfers and social protection in Latin America and the Caribbean</subfield>
  </datafield>
  <datafield tag="264" ind1=" " ind2="1">
    <subfield code="a">Santiago de Chile :</subfield>
    <subfield code="b">CEPAL (Comisi&#xF3;n Econ&#xF3;mica para Am&#xE9;rica Latina y el Caribe)</subfield>
    <subfield code="c">2011</subfield>
  </datafield>
  <datafield tag="300" ind1=" " ind2=" ">
    <subfield code="a">129 p.</subfield>
    <subfield code="c">27 cm.</subfield>
  </datafield>
  <datafield tag="505" ind1=" " ind2=" ">
    <subfield code="a">1. Introduction / Paulo Saad and Tim Miller &#x2013; 2. Population ageing, intergenerational transfers,and economic growth : Latin America in a global context /Ronald Lee and Gretchen Donehower &#x2013; 3. New perspectives from national transfer accounts for national fiscal policy, social programs, and family transfers / Andrew Mason and Ronald Lee &#x2013; 4. ntergenerational equity in Brazil: social security and public education transfers between generations born from 1923 to 2000/ Tatiana Araujo, Cassio M. Turra and Bernardo L. Queiroz &#x2013; 5. The significance of inter-age economic transfersin Chile / Jorge Bravo and Mauricio Holz &#x2013; 6. Intergenerational transfers in Costa Rica / Luis Rosero-Bixby and Paola Zu&#xF1;iga &#x2013; 7. The first demographic dividend and social protection systems in Mexico / Iv&#xE1;n Mej&#xED;a Guevara, F&#xE9;lix V&#xE9;lez Fern&#xE1;ndez Varela and Juan Enrique Garc&#xED;a L&#xF3;pez &#x2013; 8. Public transfers to children and the elderly in Uruguay (1994-2006) / Marisa Bucheli, Cecilia Gonz&#xE1;lez and Cecilia Olivieri.</subfield>
  </datafield>
  <datafield tag="041" ind1=" " ind2=" ">
    <subfield code="a">spa</subfield>
  </datafield>
  <datafield tag="942" ind1=" " ind2=" ">
    <subfield code="c">BK</subfield>
  </datafield>
  <datafield tag="590" ind1=" " ind2=" ">
    <subfield code="a">niveau_biblio:m niveau_hierar:0</subfield>
  </datafield>
  <datafield tag="100" ind1="1" ind2=" ">
    <subfield code="a">Naciones Unidas. Comisi&#xF3;n Econ&#xF3;mica para Am&#xE9;rica Latina y el Caribe (CEPAL)</subfield>
  </datafield>
  <datafield tag="856" ind1="4" ind2="1">
    <subfield code="u">https://www.biblioeco.unsa.edu.ar/pmb/images/libros/L127345.jpg</subfield>
    <subfield code="y">Imagen de portada</subfield>
    <subfield code="q">image/jpeg</subfield>
  </datafield>
  <datafield tag="999" ind1=" " ind2=" ">
    <subfield code="c">4166</subfield>
    <subfield code="d">4166</subfield>
  </datafield>
  <datafield tag="952" ind1=" " ind2=" ">
    <subfield code="0">0</subfield>
    <subfield code="1">0</subfield>
    <subfield code="4">0</subfield>
    <subfield code="7">0</subfield>
    <subfield code="a">BCEJYS</subfield>
    <subfield code="b">BCEJYS</subfield>
    <subfield code="c">16</subfield>
    <subfield code="d">2026-04-07</subfield>
    <subfield code="l">0</subfield>
    <subfield code="o">304.4 N118</subfield>
    <subfield code="p">L127345</subfield>
    <subfield code="r">2026-04-07 15:57:34</subfield>
    <subfield code="w">2026-04-07</subfield>
    <subfield code="y">L</subfield>
  </datafield>
</record>
